| 000 | 00969cab a2200193 4500 | ||
|---|---|---|---|
| 001 | ##L133817 | ||
| 008 | 060612n2006 000 0 eng u | ||
| 035 | _a(Sirsi) u133817 | ||
| 041 | 0 | _aeng | |
| 100 | 1 | _aThornton, Anthony | |
| 245 | 0 | 0 | _aYou be the judge |
| 260 | _c2006 | ||
| 490 | 0 |
_aBuilding _v271(8434) 9 June 2006, 48-49(2) |
|
| 520 | _aReports on the new judge-mediator scheme in the Technology and Construction Court. After explaining the parameters of mediation and the qualities of the mediator, outlines how the scheme will operate. If a settlement cannot be reached with the judge-mediator, he will withdraw and litigation will resume; the trial judge will not be the same person as the judge-mediator. | ||
| 590 | _aIKA200606 | ||
| 651 | 4 |
_aEngland and Wales _y1543- |
|
| 690 | _aMANAGEMENT-DISPUTE AVOIDANCE, MANAGEMENT AND RESOLUTION-DISPUTE MANAGEMENT AND RESOLUTION-ALTERNATIVE DISPUTE RESOLUTION-ASSISTED NEGOTIATION-MEDIATION | ||
| 942 | _n0 | ||
| 999 |
_c77221 _d77221 |
||